| 000 | 00906nam a2200253 i 4500 | ||
|---|---|---|---|
| 001 | 7714 | ||
| 003 | ES-MaACL | ||
| 005 | 20240507101528.0 | ||
| 007 | t| | ||
| 008 | 910323s1991 sp |||| | spa d | ||
| 020 | _a84-7658-268-4 | ||
| 080 | _a325.254(460)"1939/1975" | ||
| 245 | 0 | 3 |
_aEl exilio de las Españas de 1939 en las Américas _b: "¿adónde fue la canción?" / _cM. Andújar ... [et al. ] ; José María Naharro-Calderón (coord. ). |
| 250 | _a1ª ed. | ||
| 260 |
_aBarcelona : _bAnthropos, _c1991. |
||
| 300 |
_a431 p. ; _c20 cm. |
||
| 490 | 1 |
_aMemoria rota. Exilios y heterodoxias ; _v22 |
|
| 650 | 1 | 4 |
_aExiliados españoles- _yAmérica _912662 |
| 700 | 1 |
_aNaharro-Calderón, José María. _984860 |
|
| 700 | 1 |
_aAndújar, Manuel, _d1913-1994 _9158299 |
|
| 830 | 0 |
_aMemoria rota. Exilios y heterodoxias ; _v22 _9177283 |
|
| 852 |
_aES-MaACL _jL-15004 |
||
| 999 |
_c7714 _d7714 |
||